MARC details
| 000 -LEADER |
| fixed length control field |
02368cas a2200577 i 4500 |
| 003 - CONTROL NUMBER IDENTIFIER |
| control field |
TR-AnTOB |
| 005 - DATE AND TIME OF LATEST TRANSACTION |
| control field |
20220404163307.0 |
| 008 - FIXED-LENGTH DATA ELEMENTS--GENERAL INFORMATION |
| fixed length control field |
851028d19851994nyuar s i0 0eng c |
| 010 ## - LIBRARY OF CONGRESS CONTROL NUMBER |
| LC control number |
86640935 |
| Canceled/invalid LC control number |
sn 85024642 |
| 016 ## - NATIONAL BIBLIOGRAPHIC AGENCY CONTROL NUMBER |
| Record control number |
(AMICUS)000005585248 |
| 035 ## - SYSTEM CONTROL NUMBER |
| System control number |
(OCoLC)ocm12727935 |
| 040 ## - CATALOGING SOURCE |
| Original cataloging agency |
IXA |
| Language of cataloging |
eng |
| Description conventions |
rda |
| Transcribing agency |
IXA |
| Modifying agency |
HUL |
| -- |
DLC |
| -- |
NST |
| -- |
DLC |
| -- |
AGL |
| -- |
IUL |
| -- |
NST |
| -- |
NYG |
| -- |
HUL |
| -- |
NST |
| -- |
OCL |
| -- |
NST |
| -- |
DLC |
| -- |
NST |
| -- |
EYM |
| -- |
GUA |
| -- |
IUL |
| -- |
DLC |
| -- |
HLS |
| -- |
MYG |
| -- |
IUL |
| -- |
NLGGC |
| -- |
DLC |
| -- |
TULIB |
| -- |
OCLCQ |
| -- |
IUL |
| -- |
OCLCF |
| -- |
OCLCO |
| -- |
I8M |
| -- |
OCLCQ |
| -- |
CSJ |
| -- |
NLC |
| -- |
OCLCQ |
| -- |
CEF |
| -- |
CPO |
| -- |
OCLCQ |
| -- |
TR-AnTOB |
| 041 0# - LANGUAGE CODE |
| Language code of text/sound track or separate title |
İngilizce |
| -- |
Arapça |
| -- |
Fransızca |
| -- |
Japonca |
| -- |
Rusça |
| -- |
İspanyolca |
| 042 ## - AUTHENTICATION CODE |
| Authentication code |
pcc |
| 043 ## - GEOGRAPHIC AREA CODE |
| Geographic area code |
d------ |
| 050 00 - LIBRARY OF CONGRESS CALL NUMBER |
| Classification number |
HC59.69 |
| Item number |
.I53 |
| 070 0# - NATIONAL AGRICULTURAL LIBRARY CALL NUMBER |
| Classification number |
HC59.7.I47 |
| 072 #0 - SUBJECT CATEGORY CODE |
| Subject category code |
X700 |
| 090 ## - LOCALLY ASSIGNED LC-TYPE CALL NUMBER (OCLC); LOCAL CALL NUMBER (RLIN) |
| Classification number (OCLC) (R) ; Classification number, CALL (RLIN) (NR) |
TOBBK HC59.69 .I53 |
| 245 00 - TITLE STATEMENT |
| Title |
Industry and development. |
| Name of part/section of a work |
Global report / |
| Statement of responsibility, etc. |
United Nations Industrial Development Organization. |
| 246 30 - VARYING FORM OF TITLE |
| Title proper/short title |
Global report |
| 264 #1 - PRODUCTION, PUBLICATION, DISTRIBUTION, MANUFACTURE, AND COPYRIGHT NOTICE |
| Place of production, publication, distribution, manufacture |
New York : |
| Name of producer, publisher, distributor, manufacturer |
United Nations, |
| Date of production, publication, distribution, manufacture, or copyright notice |
1985-1993. |
| 300 ## - PHYSICAL DESCRIPTION |
| Extent |
volumes : |
| Other physical details |
illustrations ; |
| Dimensions |
30 cm |
| 310 ## - CURRENT PUBLICATION FREQUENCY |
| Current publication frequency |
Annual |
| 336 ## - CONTENT TYPE |
| Content type term |
text |
| Content type code |
txt |
| Source |
rdacontent |
| 337 ## - MEDIA TYPE |
| Media type term |
unmediated |
| Media type code |
n |
| Source |
rdamedia |
| 338 ## - CARRIER TYPE |
| Carrier type term |
volume |
| Carrier type code |
nc |
| Source |
rdacarrier |
| 362 0# - DATES OF PUBLICATION AND/OR SEQUENTIAL DESIGNATION |
| Dates of publication and/or sequential designation |
1985-1993/94. |
| 546 ## - LANGUAGE NOTE |
| Language note |
Arabic, English, French, Japanese, Russian and Spanish. |
| 590 ## - LOCAL NOTE (RLIN) |
| Local note |
SERBIB/SERLOC merged record |
| 650 #0 - SUBJECT ADDED ENTRY--TOPICAL TERM |
| Topical term or geographic name entry element |
Industries |
| Geographic subdivision |
Developing countries |
| Form subdivision |
Periodicals. |
| 9 (RLIN) |
128630 |
|
| Topical term or geographic name entry element |
Economic development |
| Form subdivision |
Periodicals |
| 9 (RLIN) |
19814 |
|
| Topical term or geographic name entry element |
Economic development. |
|
| Topical term or geographic name entry element |
Industrialization. |
|
| Topical term or geographic name entry element |
Industries |
| Geographic subdivision |
Developing countries. |
|
| Topical term or geographic name entry element |
Economic development. |
| Source of heading or term |
fast |
| Authority record control number or standard number |
(OCoLC)fst00901785 |
|
| Topical term or geographic name entry element |
Industrialization. |
| Source of heading or term |
fast |
| Authority record control number or standard number |
(OCoLC)fst00971825 |
|
| Topical term or geographic name entry element |
Industries. |
| Source of heading or term |
fast |
| Authority record control number or standard number |
(OCoLC)fst00971852 |
|
| Topical term or geographic name entry element |
Industriële ontwikkeling. |
| Source of heading or term |
gtt |
| 651 #7 - SUBJECT ADDED ENTRY--GEOGRAPHIC NAME |
| Geographic name |
Developing countries. |
| Source of heading or term |
fast |
| Authority record control number or standard number |
(OCoLC)fst01242969 |
| 653 ## - INDEX TERM--UNCONTROLLED |
| Uncontrolled term |
Industrial statistics -- |
| -- |
Yearbooks |
|
| Uncontrolled term |
Industry -- |
| -- |
Developing countries -- |
| -- |
Statistics |
|
| Uncontrolled term |
Industrial development -- |
| -- |
Statistical yearbooks |
| 655 #7 - INDEX TERM--GENRE/FORM |
| Genre/form data or focus term |
Periodicals. |
| Source of term |
fast |
| Authority record control number |
(OCoLC)fst01411641 |
| 710 2# - ADDED ENTRY--CORPORATE NAME |
| Corporate name or jurisdiction name as entry element |
United Nations Industrial Development Organization |
| 9 (RLIN) |
43398 |
| 776 08 - ADDITIONAL PHYSICAL FORM ENTRY |
| Relationship information |
Online version: |
| Title |
Industry and development. Global report |
| Record control number |
(OCoLC)622903714 |
| 785 00 - SUCCEEDING ENTRY |
| Title |
Industrial development global report |
| Record control number |
(DLC) 97651228 |
| -- |
(OCoLC)35338090 |
| 942 ## - ADDED ENTRY ELEMENTS (KOHA) |
| Source of classification or shelving scheme |
Other/Generic Classification Scheme |
| Koha item type |
Continuing Resource |